The Films of Charlie Chaplin - Statistics

General Stats
  • This quiz has been taken 17 times
  • The average score is 6 of 11
Answer Stats
Hint Answer % Correct
1936 Modern Times
100%
1940 The Great Dictator
88%
1921 The Kid
88%
1931 City Lights
81%
1925 The Gold Rush
63%
1928 The Circus
50%
1952 Limelight
44%
1947 Monsieur Verdoux
44%
1957 A King in New York
31%
1967 A Countess from Hong Kong
25%
1923 A Woman of Paris
13%
No matching quizzes found
Score Distribution
Percent of People with Each Score
Percentile by Number Answered
Your Score History
You have not taken this quiz